000 01023nam a22002774n 4500
003 AR-BaSMT
008 230512t2023 aga|||ar|||| 00| 1 spa d
020 _a9788493755713
040 _aBSGB
_bespañol
_erda
041 1 _aspa
_hespañol
080 _a82-34
100 1 _aFolgueira, Rodrigo
_9493
245 1 0 _aMi perro Roberto
250 _aPrimera edición.
264 1 _aBuenos Aires :
_bunaLuna ,
_c2023.
300 _a28 páginas :
_bIlustraciones a color, Cartoné.
336 _2rdacontent
_atexto
_btxt
337 _2rdamedia
_asin mediación
_bn
338 _2rdacarrier
_avolúmen
_bnc
520 _aQué pasa cuando un perro con la boca abierta se traga sin querer un canario? Ésta es la historia de Roberto, un perro al que le ha ocurrido justamente eso. El canario se llama Ignacio y no quiere salir de la panza del perro.
650 7 _98
_aLITERATURA INFANTIL
_zArgentina
650 7 _923
_aCUENTO
_zAgentina
700 1 _aBernatene, Poly
_eIlustrador
_930
942 _2udc
_aBOOK
999 _c661
_d661